=LDR 00000nam 2200000 4500 =001 INLIS000000000007050 =005 20200319071522 =035 ##$$a 0010-061300000007050 =008 200319################g##########0#ind## =041 ##$$a Ind =082 ##$$a 2x0. 095 982 1 =090 ##$$a 2x0. 095 982 1 Sya e =100 ##$$a Syafwandi =245 1#$$a Estetika dan simbolisme beberapa masjid tradisonal di Banten Jawa Barat Cilegon /$c Ir. Syafwandi,M.Sc.; Editor: Drs. Soimun, Soeyanto =260 ##$$a Jakarta :$b Departemen pendidikan dan kebudayaan,$c 1993 =300 ##$$a ix, 57 hlm : $b ilus ; $c 20 x 14 cm =650 #4$$a Masjid-Jawa Barat =084 ##$$a 2x0. 095 982 1 SYA e =990 ##$$a 63.902/Hd-94 =990 ##$$a 63.903/Hd-94 =990 ##$$a 63.902/Hd-94 =990 ##$$a 63.903/Hd-94 =990 ##$$a 63.903/Hd-94 =990 ##$$a 63.902/Hd-94